[Event "AUTO-OPEN-136"]
[Site "http://www.queenalice.com/game.php?id=26809"]
[Date "2005.9.1"]
[Round "1"]
[White "jailsonjr"]
[Black "RMartins"]
[Result "0-1"]
[WhiteElo "1405"]
[BlackElo "1571"]

1. Nf3 Nf6 2. g3 b5 3. Bg2 Bb7 4. O-O e6 5. d3 d6 6. Bg5 Be7 7. Nc3 b4 8. Bxf6
Bxf6 9. Na4 Nd7 10. c3 a5 11. d4 O-O 12. Re1 c5 13. dxc5 Nxc5 14. Nxc5 dxc5 15.
Qxd8 Rfxd8 16. Rad1 bxc3 17. bxc3 Bxc3 18. Rf1 Bd5 19. Rc1 Bb4 20. Rc2 Be4 21.
Ne5 Bxc2 22. Bxa8 Rxa8 23. Rc1 Be4 24. f3 Bd5 25. a4 Ba3 26. Rc3 Bb2 27. Re3 Bd4
28. Kf2 f6 29. Nd3 c4 30. Nf4 Bc6 31. Nxe6 Bxe3+ 32. Kxe3 Bxa4 33. Nc5 Bb5 0-1

[Event "AUTO-OPEN-136"]
[Site "http://www.queenalice.com/game.php?id=26810"]
[Date "2005.9.1"]
[Round "1"]
[White "RMartins"]
[Black "jailsonjr"]
[Result "1-0"]
[WhiteElo "1525"]
[BlackElo "1405"]

1. Nf3 d5 2. d4 g6 3. g3 Bg7 4. Bg2 Nc6 5. O-O Bf5 6. Bf4 Nb4 7. Na3 a6 8. Nh4
Be6 9. c3 Nc6 10. Qb3 b6 11. Nc2 Nf6 12. Ne3 Rb8 13. Qa4 a5 14. Qxc6+ Qd7 15.
Qxc7 Qc8 16. Qxb8 Qxb8 17. Bxb8 O-O 18. Bc7 b5 19. Bxa5 Ra8 20. Bb4 Re8 21. a4
Nd7 22. axb5 Nb6 23. Ra7 Nc8 24. Ra8 Bd7 25. Nxd5 e6 26. Nc7 Rd8 27. Be7 Rf8 28.
Bc6 Bxc6 29. Bxf8 Bxf8 30. bxc6 Ne7 31. Nxe6 fxe6 32. c7 1-0

[Event "AUTO-OPEN-136"]
[Site "http://www.queenalice.com/game.php?id=26827"]
[Date "2005.9.1"]
[Round "1"]
[White "RMartins"]
[Black "Reddaz"]
[Result "1-0"]
[WhiteElo "1300"]
[BlackElo "1343"]

1. Nf3 d5 2. d4 e6 3. c4 Bb4+ 4. Nc3 Nc6 5. Bg5 Be7 6. cxd5 exd5 7. Bxe7 Qxe7 8.
Nxd5 Qd6 9. e4 Be6 10. Nc3 Nh6 11. d5 Bd7 12. dxc6 Bxc6 13. Qxd6 cxd6 14. Nd5
Rc8 15. Bc4 b5 16. Bb3 O-O 17. Ne7+ Kh8 18. Nxc8 Rxc8 19. Rc1 a5 20. Nd4 Bb7 21.
Rxc8+ Bxc8 22. Nxb5 a4 23. Bxa4 Bb7 24. Nxd6 Bxe4 25. Nxe4 Ng4 26. b4 1-0

[Event "AUTO-OPEN-136"]
[Site "http://www.queenalice.com/game.php?id=26828"]
[Date "2005.9.1"]
[Round "1"]
[White "Reddaz"]
[Black "RMartins"]
[Result "0-1"]
[WhiteElo "1364"]
[BlackElo "1465"]

1. e3 e5 2. Nf3 e4 3. Ne5 d6 4. Nc4 d5 5. Ne5 Nh6 6. d4 f6 7. Be2 fxe5 8. dxe5
Nc6 9. Nc3 Nxe5 10. Nxd5 Be6 11. c4 Bc5 12. Bd2 O-O 13. Bc3 Nhg4 14. h3 Nxf2 15.
Qd2 Nxh1 16. Bxe5 Qh4+ 17. g3 Nxg3 18. O-O-O Qxh3 19. Nf4 Bxe3 20. Qxe3 Nxe2+
21. Qxe2 Qf5 22. Nxe6 Qxe6 23. Qxe4 Rae8 24. Rd5 c6 25. Rc5 Qh6+ 26. Kc2 Rf2+
27. Kc3 b6 28. Qxc6 Qe3+ 29. Kb4 bxc5+ 30. Qxc5 Rb8+ 31. Ka4 Qxc5 0-1

[Event "Challenge"]
[Site "http://www.queenalice.com/game.php?id=26937"]
[Date "2005.9.1"]
[Round "-"]
[White "Adelar"]
[Black "RMartins"]
[Result "1-0"]
[WhiteElo "1751"]
[BlackElo "1522"]

1. e4 e5 2. Nf3 Nc6 3. d4 exd4 4. Nxd4 Nf6 5. Nxc6 bxc6 6. Bg5 h6 7. Bh4 g5 8.
Bg3 Nxe4 9. Qd4 Nxg3 10. hxg3 Qe7+ 11. Be2 Qb4+ 12. Qxb4 Bxb4+ 13. c3 Bd6 14.
Nd2 Rb8 15. b3 Be5 16. O-O Bxc3 17. Rad1 1-0

[Event "Let's Play Chess!"]
[Site "http://www.queenalice.com/game.php?id=26970"]
[Date "2005.9.2"]
[Round "-"]
[White "juba"]
[Black "RMartins"]
[Result "0-1"]
[WhiteElo "1179"]
[BlackElo "1597"]

1. d4 d5 2. e3 Nf6 3. Bb5+ Bd7 4. Qe2 a6 5. Bxd7+ Qxd7 6. Nf3 e6 7. O-O c5 8.
Ne5 Qc7 9. Nd2 cxd4 10. exd4 Qxc2 11. b3 Bd6 12. Nef3 Nc6 13. h3 Ne4 14. Rd1 Nc3
15. Qe3 Nxd1 16. Qg5 O-O 17. Nf1 Qxf2+ 18. Kh1 Qxf1+ 19. Ng1 Nf2# 0-1

[Event "AUTO-ADV-90"]
[Site "http://www.queenalice.com/game.php?id=32694"]
[Date "2005.10.11"]
[Round "1"]
[White "Se7eN"]
[Black "RMartins"]
[Result "0-1"]
[WhiteElo "1456"]
[BlackElo "1661"]

1. e4 c5 2. f4 g6 3. Nc3 Bg7 4. Nf3 Nc6 5. Bd3 Nf6 6. O-O d6 7. Bb5 O-O 8. Ba4
Nd4 9. e5 dxe5 10. Nxe5 a6 11. d3 b5 12. Bb3 a5 0-1

[Event "AUTO-ADV-90"]
[Site "http://www.queenalice.com/game.php?id=32695"]
[Date "2005.10.11"]
[Round "1"]
[White "RMartins"]
[Black "Se7eN"]
[Result "1-0"]
[WhiteElo "1673"]
[BlackElo "1456"]

1. Nf3 c5 2. c4 Nf6 3. Nc3 e6 4. g3 d5 5. cxd5 exd5 6. d4 Nc6 7. Bg5 cxd4 8.
Nxd4 Be7 9. e3 O-O 10. Bg2 Bg4 11. Qd3 Qb6 12. Bxf6 Bxf6 13. Nxc6 1-0

[Event "AUTO-ADV-90"]
[Site "http://www.queenalice.com/game.php?id=32710"]
[Date "2005.10.11"]
[Round "1"]
[White "Cleo_Godoy"]
[Black "RMartins"]
[Result "1-0"]
[WhiteElo "1488"]
[BlackElo "1695"]

1. e4 c5 2. d4 cxd4 3. Nf3 Nc6 4. Nxd4 Nf6 5. f3 Qb6 6. Nxc6 dxc6 7. Nc3 e5 8.
Na4 Qa5+ 9. Nc3 b5 10. Bd2 b4 11. Ne2 Be6 12. a3 Bg4 13. fxg4 Nxg4 14. Nc3 Nf6
15. Na2 Nxe4 16. Nxb4 Qb6 17. Qe2 f5 18. O-O-O Rd8 19. Bc3 Rxd1+ 20. Kxd1 Nf2+
21. Kc1 e4 22. Rg1 Bxb4 23. Bxb4 Ng4 24. Rh1 a5 25. Bd6 Qd4 26. Bg3 Kf7 27. h3
Qe3+ 28. Qxe3 Nxe3 29. Bf4 Nd5 30. Bc4 Kf6 31. Bd2 a4 32. Re1 Ke5 33. Ba6 f4 34.
Bb7 e3 35. Bxc6 1-0

[Event "AUTO-ADV-90"]
[Site "http://www.queenalice.com/game.php?id=32711"]
[Date "2005.10.11"]
[Round "1"]
[White "RMartins"]
[Black "Cleo_Godoy"]
[Result "1-0"]
[WhiteElo "1685"]
[BlackElo "1424"]

1. Nf3 d5 2. c4 c6 3. e3 Bg4 4. cxd5 Qxd5 5. Nc3 Bxf3 6. Nxd5 Bxd1 7. Nc7+ Kd8
8. Nxa8 Bg4 9. Bc4 Nh6 10. d4 e6 11. O-O Bd6 12. e4 Nd7 13. e5 Be7 14. Bxh6 gxh6
15. f3 Bf5 16. g4 Bg6 17. f4 Rg8 18. h3 Kc8 19. Kh2 Kb8 20. f5 exf5 21. gxf5 Bh5
22. e6 fxe6 23. Bxe6 Rd8 24. Bxd7 Rxd7 25. f6 Bd6+ 26. Kg2 Kxa8 27. Rae1 Bf7 28.
Re3 Bxa2 29. b3 Rf7 30. d5 Bxb3 31. Rxb3 cxd5 32. Rb5 Be5 33. Rxd5 Bxf6 34. Rxf6
1-0

[Event "AUTO-ADV-90"]
[Site "http://www.queenalice.com/game.php?id=32722"]
[Date "2005.10.11"]
[Round "1"]
[White "RMartins"]
[Black "jcm"]
[Result "1-0"]
[WhiteElo "1637"]
[BlackElo "1623"]

1. Nf3 c5 2. c4 e6 3. g3 Qc7 4. Bg2 a6 5. Nc3 Nc6 6. O-O b6 7. d4 cxd4 8. Nxd4
Bb7 9. Nxc6 Bxc6 10. Bf4 d6 11. Ne4 Be7 12. Bxd6 1-0

[Event "AUTO-ADV-90"]
[Site "http://www.queenalice.com/game.php?id=32723"]
[Date "2005.10.11"]
[Round "1"]
[White "jcm"]
[Black "RMartins"]
[Result "0-1"]
[WhiteElo "1637"]
[BlackElo "1597"]

1. d4 Nf6 2. c4 c5 3. d5 e6 4. Nc3 exd5 5. cxd5 d6 6. Nf3 Be7 7. e4 O-O 8. Be3
Qb6 9. Rb1 Ng4 10. Bf4 c4 11. Bxc4 Qxf2# 0-1

[Event "ComeÃ§amos outro?"]
[Site "http://www.queenalice.com/game.php?id=34860"]
[Date "2005.10.25"]
[Round "-"]
[White "gutopa"]
[Black "RMartins"]
[Result "0-1"]
[WhiteElo "1478"]
[BlackElo "1669"]

1. e4 c5 2. Bc4 Nc6 3. Qh5 e6 4. Nf3 h6 5. Ne5 Nxe5 6. Qxe5 d6 7. Qf4 a6 8. O-O
Nf6 9. Nc3 b5 10. Bd3 b4 11. Na4 Bd7 12. b3 d5 13. exd5 Nxd5 14. Qf3 Bxa4 15.
bxa4 Bd6 16. Bb2 Qh4 17. h3 Qf4 18. Qxf4 Nxf4 19. Bxg7 Rg8 20. Bxh6 Rxg2+ 21.
Kh1 Rg8 22. Be4 O-O-O 23. Bxf4 Bxf4 24. d3 Rh8 25. Kg2 f5 26. Bf3 Rdg8+ 27. Bg4
fxg4 28. hxg4 Rxg4+ 29. Kf3 Rgh4 30. Rae1 Kd7 31. Re4 Rf8 32. Ke2 Rh2 33. d4 Bg3
34. dxc5 Bxf2 35. Rd4+ Bxd4+ 36. Kd3 Rxf1 37. Kxd4 Rf4+ 38. Ke5 Rhh4 39. c6+ Ke7
40. c7 Rf5# 0-1

[Event "Challenge"]
[Site "http://www.queenalice.com/game.php?id=36493"]
[Date "2005.11.4"]
[Round "-"]
[White "Lucascg"]
[Black "RMartins"]
[Result "1-0"]
[WhiteElo "1791"]
[BlackElo "1683"]

1. d4 Nc6 2. Nf3 d6 3. e4 Bg4 4. Bb5 Nf6 5. d5 a6 6. Ba4 b5 7. dxc6 bxa4 8. Nc3
e6 9. O-O d5 10. exd5 Nxd5 11. Nxd5 Qxd5 12. Qxd5 exd5 13. Re1+ Be7 14. Bg5 f6
15. Be3 O-O 16. Nd2 Bd6 17. Bd4 Bf4 18. Nf1 Rfe8 19. Ne3 Bxe3 20. Rxe3 Rxe3 21.
Bxe3 Rb8 22. Bd4 Rb4 23. Bc3 Rc4 24. f3 Bf5 25. Rd1 Bxc2 26. Rxd5 1-0

[Event "Revanche"]
[Site "http://www.queenalice.com/game.php?id=45289"]
[Date "2005.12.26"]
[Round "-"]
[White "RMartins"]
[Black "gutopa"]
[Result "1-0"]
[WhiteElo "1654"]
[BlackElo "1562"]

1. Nf3 e6 2. d4 c5 3. c4 cxd4 4. Nxd4 e5 5. Nc2 Bc5 6. b4 Be7 7. Nc3 a5 8. b5
Bb4 9. Nxb4 axb4 10. Nd5 Ne7 11. Nxb4 O-O 12. Qd6 f6 13. e4 Ra4 14. a3 Ra8 15.
Be2 b6 16. Nd5 Nxd5 17. Qxd5+ Rf7 18. Qxa8 Qc7 19. O-O Bb7 20. Qa4 Bxe4 21. c5
f5 22. cxb6 Qxb6 23. Be3 Qg6 24. f3 Bd5 25. Rfd1 Be6 26. Qa7 Rf8 27. Bc5 Rc8 28.
Rac1 f4 29. Bd6 Rxc1 30. Rxc1 Bh3 31. Qxb8+ Kf7 32. Bc4+ Kf6 33. Qd8+ Kf5 34.
Bd3+ Ke6 35. Bxg6 hxg6 36. Qe7+ 1-0